=LDR 00000nam 2200000 4500 =001 INLIS000000000027472 =005 20130612125838 =008 ***********************************Ind** =035 ##$$0010-061300000027472 =041 ##$$a Ind =082 ##$$a 028.55 =090 ##$$a 028.55, Uan u =245 ##$$a Uang setan, Tim kebudayaan anak Darul wathan =260 ##$$a [20...?] $b [s.l] =650 ##$$a Bacaan anak-anak Islam =850 ##$$a NBPNMAT